00360nam a22000977a 4500040000900000082001500009100002200024245013600046260006900182300001100251 cNUST a621.3bJAF aJafar, Muhammad  aTransformer-less series compensation of line-commutated converters for integration of offshore wind powerc Muhammad JafarhEnglish aNorwegainbNorwegain university of science and technologyc2013. a208 p4